<?xml version="1.0" encoding="UTF-8"?>
<record
    xmlns:xsi="http://www.w3.org/2001/XMLSchema-instance"
    xsi:schemaLocation="http://www.loc.gov/MARC21/slim http://www.loc.gov/standards/marcxml/schema/MARC21slim.xsd"
    xmlns="http://www.loc.gov/MARC21/slim">

  <leader>01860nam a2200265 u 4500</leader>
  <controlfield tag="001">000016320</controlfield>
  <controlfield tag="003">DO-SdBNP</controlfield>
  <controlfield tag="005">20250307115123.0</controlfield>
  <controlfield tag="008">090708s1990    dr ac   r     001 0 spa d</controlfield>
  <datafield tag="040" ind1=" " ind2=" ">
    <subfield code="a">DO-SdBNP</subfield>
    <subfield code="b">spa</subfield>
    <subfield code="c">BNPHU</subfield>
  </datafield>
  <datafield tag="082" ind1=" " ind2="4">
    <subfield code="a">352.367</subfield>
    <subfield code="b">M828s</subfield>
  </datafield>
  <datafield tag="110" ind1="2" ind2=" ">
    <subfield code="a">Seminario ANJE</subfield>
    <subfield code="d">(1989 :</subfield>
    <subfield code="c">Santo Domingo)</subfield>
    <subfield code="9">36421</subfield>
  </datafield>
  <datafield tag="245" ind1="1" ind2="3">
    <subfield code="a">La modernizaci&#xF3;n del Estado dominicano.</subfield>
  </datafield>
  <datafield tag="260" ind1=" " ind2=" ">
    <subfield code="a">Santo Domingo :</subfield>
    <subfield code="b">ANJE,</subfield>
    <subfield code="c">1990.</subfield>
  </datafield>
  <datafield tag="300" ind1=" " ind2=" ">
    <subfield code="a">177 p. :</subfield>
    <subfield code="b">il., retrs. ;</subfield>
    <subfield code="c">22 cm.</subfield>
  </datafield>
  <datafield tag="505" ind1="0" ind2=" ">
    <subfield code="t">Discurso de apertura /</subfield>
    <subfield code="r">Jos&#xE9; Florentino --</subfield>
    <subfield code="t">Proceso de modernizaci&#xF3;n de Estado dominicano /</subfield>
    <subfield code="r">Manuel Jos&#xE9; Cabral, comentarios de C&#xE9;sar Miquel, H&#xE9;ctor Castro Noboa y Eduardo Latorre, preguntas y respuestas --</subfield>
    <subfield code="t">La privatizaci&#xF3;n en el proceso de modernizaci&#xF3;n del Estado /</subfield>
    <subfield code="r">Carlos Despradel, comentario de Jos&#xE9; Israel Cuello, Andr&#xE9;s Dauhje hijo y Dario &#xC1;rias preguntas y respuestas --</subfield>
    <subfield code="t">La empresa privada y el proceso de democratizaci&#xF3;n en Am&#xE9;rica Latina /</subfield>
    <subfield code="r">Eduardo Gamarra --</subfield>
    <subfield code="t">Organizaci&#xF3;n y administraci&#xF3;n del estado moderno /</subfield>
    <subfield code="r">Lu&#xED;s Augusto Ginebra Hern&#xE1;ndez, comentarios de Guillermo Amore, Maritza Amelia Guerrero y Camilo Lluberes --</subfield>
    <subfield code="t">Libre empresa y alternativa &#xF3;ptima para la modernizaci&#xF3;n de Estado Frank A. Tejada C. --</subfield>
    <subfield code="t">Anexos --</subfield>
    <subfield code="t">Discurso de clausura /</subfield>
    <subfield code="r">Felipe Mendoza</subfield>
  </datafield>
  <datafield tag="590" ind1=" " ind2=" ">
    <subfield code="a">Inventariado, 2018/BT</subfield>
  </datafield>
  <datafield tag="650" ind1=" " ind2="4">
    <subfield code="a">Empresas estatales</subfield>
    <subfield code="z">Rep&#xFA;blica Dominicana</subfield>
    <subfield code="9">12064</subfield>
    <subfield code="v">Congresos, conferencias, etc.</subfield>
  </datafield>
  <datafield tag="650" ind1=" " ind2="4">
    <subfield code="a">Pol&#xED;tica industrial</subfield>
    <subfield code="9">36422</subfield>
    <subfield code="v">Congresos, conferencias, etc.</subfield>
  </datafield>
  <datafield tag="650" ind1=" " ind2="4">
    <subfield code="a">Reforma del estado</subfield>
    <subfield code="9">36423</subfield>
    <subfield code="v">Congresos, conferencias, etc.</subfield>
  </datafield>
  <datafield tag="651" ind1=" " ind2="4">
    <subfield code="a">Rep&#xFA;blica Dominicana</subfield>
    <subfield code="x">Congresos, Conferencias, Etc.</subfield>
    <subfield code="z">Condiciones Econ&#xF3;micas</subfield>
    <subfield code="y">1961</subfield>
    <subfield code="x">Congresos, Conferencias, Etc.</subfield>
    <subfield code="9">36424</subfield>
  </datafield>
  <datafield tag="710" ind1="2" ind2=" ">
    <subfield code="a">Asociaci&#xF3;n Nacional de J&#xF3;venes Empresarios (Rep&#xFA;blica Dominicana)</subfield>
    <subfield code="9">18693</subfield>
  </datafield>
  <datafield tag="910" ind1=" " ind2=" ">
    <subfield code="a">Validado. Control de calidad. MFF</subfield>
  </datafield>
  <datafield tag="942" ind1=" " ind2=" ">
    <subfield code="2">ddc</subfield>
    <subfield code="c">LBS1</subfield>
  </datafield>
  <datafield tag="952" ind1=" " ind2=" ">
    <subfield code="0">0</subfield>
    <subfield code="1">0</subfield>
    <subfield code="7">1</subfield>
    <subfield code="8">PD</subfield>
    <subfield code="a">PD</subfield>
    <subfield code="b">PD</subfield>
    <subfield code="c">HD</subfield>
    <subfield code="d">2010-03-03</subfield>
    <subfield code="i">LF1</subfield>
    <subfield code="l">0</subfield>
    <subfield code="o">352.367 M828s</subfield>
    <subfield code="p">16320-10</subfield>
    <subfield code="r">2020-06-25</subfield>
    <subfield code="w">2020-06-25</subfield>
    <subfield code="y">LFPD</subfield>
    <subfield code="Z">No se presta</subfield>
  </datafield>
  <datafield tag="952" ind1=" " ind2=" ">
    <subfield code="0">0</subfield>
    <subfield code="1">1</subfield>
    <subfield code="7">1</subfield>
    <subfield code="8">PD</subfield>
    <subfield code="a">PD</subfield>
    <subfield code="b">PD</subfield>
    <subfield code="c">MI</subfield>
    <subfield code="d">2011-01-27</subfield>
    <subfield code="i">LF1</subfield>
    <subfield code="l">0</subfield>
    <subfield code="o">352.367 M828s</subfield>
    <subfield code="p">16320-20</subfield>
    <subfield code="r">2020-06-25</subfield>
    <subfield code="t">e.2</subfield>
    <subfield code="w">2020-06-25</subfield>
    <subfield code="y">LFPD</subfield>
    <subfield code="Z">No se presta</subfield>
  </datafield>
  <datafield tag="999" ind1=" " ind2=" ">
    <subfield code="c">15855</subfield>
    <subfield code="d">15855</subfield>
  </datafield>
</record>
